| 000 | 00471nam a22001817a 4500 | ||
|---|---|---|---|
| 003 | MPLRDC | ||
| 005 | 20220104123532.0 | ||
| 008 | 210129b ||||| |||| 00| 0 eng d | ||
| 020 | _a7-5404-2025-1 | ||
| 082 | _a782.886 WXB | ||
| 100 | _a李银河、郑宏霞 编 | ||
| 245 |
_a王小波画传 _c |
||
| 250 | _a一版一刷 | ||
| 260 |
_a中国 _b湖南文艺出版社 _c1999 |
||
| 300 | _b163 | ||
| 650 | _a中国人物传记--王小波 | ||
| 942 |
_cBK _o782.886 WXB |
||
| 999 |
_c12187 _d12177 |
||